000
00349nam a2200145Ia 4500
008
240624s9999 xx 000 0 und d
041
_a
eng
082
_a
891.46 PAL
100
_a
PALKHIWALA NANI
245
_a
WE THE NATION MARATHI
250
_a
(4th ed.)
260
_c
1995
_a
Pune
_b
Mehta Publishing House
300
_a
320 p.
365
_c
RS
_b
25
999
_c
30182
_d
30182